000 01216nam a2200313Ia 4500
003 OSt
005 20221007123411.0
006 a|||||r|||| 00| 0
007 ta
008 221006b |||||||| |||| 00| 0 eng d
020 _a8120321529 (pbk)
_cRs.295.00
024 _a11514
037 _bAshutosh,
_cTextual
040 _aPAPL
_cPAPL
_beng
041 _2eng
_aeng
082 _aC211, P2
100 _aBudinski Kenneth G
_9717199
245 0 _aEngineering materials: properties and selection by Kenneth G and Budinski and Michael K Budinski
_b Budinski Michael K
250 _aEd 7
260 _aNew
_bDelhi Prentice-Hall of India Pvt. Ltd.
_c2002
300 _axiii, 818p
_ccm.
500 _a (Reprinted in 2003); ; Appendix 1-2, 777-795; Index 797-818p; ^n23/CSL/CARPA/2003-2004/1001^d2003-11-10^mPurchase; ; 2003-04/500^b2003-11-20^cATB/131^d2003-11-10^eRs.6,111.00^fAshutosh Technical Books; ; 2004-03-12^bSB^c2004-03-12^dVinay
650 _a Material science
_9429475
650 _a Solid state
650 _aPhysics
700 _a Budinski Michael K
_9717200
942 _hC211, P2
_cTEXL
_2CC
999 _c1211832
_d1211832